Scrambled “G” Words - Statistics

General Stats
  • This quiz has been taken 96 times
  • The average score is 17 of 26
Answer Stats
Hint Answer % Correct
glyaxa Galaxy
100%
ugeag Gauge
92%
reavg Grave
92%
ogrwth Growth
91%
rpgha Graph
88%
gandmar Grandma
86%
guset Guest
86%
ogreov Groove
81%
rogyl Glory
80%
gaorill Gorilla
80%
cmmikig Gimmick
74%
gunrpwoed Gunpowder
74%
gtolhsy Ghostly
73%
gaeywat Gateway | Getaway
71%
namnug Gunman
71%
oetght Ghetto
70%
mtegorey Geometry
65%
berihsgib Gibberish
56%
ngmeeo Genome
53%
oeongrrv Governor
51%
gaenurrd Grandeur
41%
aumsyinmg Gymnasium
38%
aveadrgry Graveyard
36%
cgeanuid Guidance
30%
igeatemnr Germinate
28%
iuverosg Grievous
27%
No matching quizzes found
Score Distribution
Percent of People with Each Score
Percentile by Number Answered
Your Score History
You have not taken this quiz